000 00283nam a22001337a 4500
008 170310b xxu||||| |||| 00| 0 eng d
020 _aZ620
041 _aeng
080 _a616-002.77
100 _a7
101 _aSHM
245 _aRHEUMATIC DISEASES
_cSHIPLEY, M
942 _2udc
_cBK
999 _c7458
_d7458